01369nam a2200361 a 4500001001200000003000800012006001900020007001500039008004100054010001700095020002500112020002200137020002700159040002100186035002100207050002900228082002000257100002200277245009500299260003400394300002500428490004200453504005100495533015200546600003200698650002400730650001000754650002800764655002900792710001700821830004300838856012600881ebr10522043CaPaEBRm u cr cn|||||||||090205s2008 enka sb 001 0deng d z 2009275425 z9781845115487 (pbk.) z1845115481 (pbk.) z9780857720344 (e-book) aCaPaEBRcCaPaEBR a(OCoLC)77843234514aBF173.L14623bL48 2008eb04a150.19/50922221 aLevine, Steven Z.10aLacan reframedh[electronic resource] :ba guide for the arts student /cSteven Z. Levine. aLondon :bI.B. Tauris,c2008. axvii, 150 p. :bill.1 aContemporary thinkers reframed series aIncludes bibliographical references and index. aElectronic reproduction.bPalo Alto, Calif. :cebrary,d2013.nAvailable via World Wide Web.nAccess may be limited to ebrary affiliated libraries.10aLacan, Jacques,d1901-1981. 0aArt and philosophy. 0aGaze. 0aPsychoanalysis and art. 7aElectronic books.2local2 aebrary, Inc. 0aContemporary thinkers reframed series.40uhttp://site.ebrary.com/lib/rucke/Doc?id=10522043zAn electronic book accessible through the World Wide Web; click to view